[Event "3rd Memory of Nebesna Sotnya-2016 R"]
[Site "Lutsk"]
[Date "2016.02.20"]
[Round "1.1"]
[White "Onischuk, Vladimir"]
[Black "Sarzhan, Vitalii"]
[Result "1-0"]
[WhiteElo "2739"]
[BlackElo "1773"]
[PlyCount "53"]
[EventDate "2016.02.20"]
[EventType "swiss (rapid)"]
[EventRounds "11"]
[EventCountry "UKR"]

1. e4 e5 2. Nf3 Nf6 3. Nxe5 d6 4. Nf3 Nxe4 5. Qe2 Qe7 6. d3 Nf6 7. Bg5 Qxe2+ 8.
Bxe2 Be7 9. Nc3 c6 10. O-O-O O-O 11. Rde1 Be6 12. Bd1 h6 13. Bd2 Na6 14. Nd4
Nc7 15. f4 Rfe8 16. Nxe6 Nxe6 17. g4 Nd7 18. h4 b5 19. g5 hxg5 20. hxg5 b4 21.
Ne2 a5 22. Ng3 Nd4 23. c3 Nb5 24. Rh3 Nf8 25. Reh1 Ng6 26. f5 bxc3 27. bxc3 1-0

[Event "3rd Memory of Nebesna Sotnya-2016 R"]
[Site "Lutsk"]
[Date "2016.02.20"]
[Round "1.2"]
[White "Kostenyuk, Anatoly"]
[Black "Bogdanovich, Stanislav"]
[Result "0-1"]
[WhiteElo "1759"]
[BlackElo "2665"]
[PlyCount "56"]
[EventDate "2016.02.20"]
[EventType "swiss (rapid)"]
[EventRounds "11"]
[EventCountry "UKR"]

1. f4 d5 2. e3 Nf6 3. Nf3 g6 4. d4 Bf5 5. Bd3 Bg7 6. O-O O-O 7. Bxf5 gxf5 8.
Nc3 e6 9. Qe2 c5 10. dxc5 Nbd7 11. Bd2 Nxc5 12. Qb5 Rc8 13. Na4 Nfe4 14. Nxc5
Rxc5 15. Qb3 Nxd2 16. Nxd2 Qa5 17. c3 Rb5 18. Qc2 Qb6 19. Nb3 Qxe3+ 20. Kh1 Rc8
21. Rf3 Qb6 22. Rg3 a5 23. Qd2 a4 24. Nd4 Rxb2 25. Qe3 Rb1+ 26. Rxb1 Qxb1+ 27.
Qg1 Qxg1+ 28. Kxg1 Rxc3 0-1

[Event "3rd Memory of Nebesna Sotnya-2016 R"]
[Site "Lutsk"]
[Date "2016.02.20"]
[Round "1.3"]
[White "Kuzubov, Yuriy"]
[Black "Polischuk, Sergiy"]
[Result "1-0"]
[WhiteElo "2574"]
[BlackElo "1743"]
[PlyCount "49"]
[EventDate "2016.02.20"]
[EventType "swiss (rapid)"]
[EventRounds "11"]
[EventCountry "UKR"]

1. e4 e5 2. Nf3 Nc6 3. Bb5 Nf6 4. d3 d6 5. c3 Be7 6. Nbd2 O-O 7. Nf1 Bd7 8. Ba4
a6 9. Ng3 b5 10. Bb3 Na5 11. Bc2 c5 12. O-O Nc6 13. h3 b4 14. d4 cxd4 15. cxd4
exd4 16. Nxd4 Qc7 17. Ndf5 Rac8 18. Bb3 Be6 19. Bg5 Rfe8 20. Nxe7+ Nxe7 21.
Bxf6 gxf6 22. Nh5 Kh8 23. Qf3 Ng8 24. Qg3 Ne7 25. Qg7# 1-0

[Event "3rd Memory of Nebesna Sotnya-2016 R"]
[Site "Lutsk"]
[Date "2016.02.20"]
[Round "1.4"]
[White "Pokotylo, Mixajlo"]
[Black "Razin, Vadim"]
[Result "0-1"]
[WhiteElo "1738"]
[BlackElo "2562"]
[PlyCount "58"]
[EventDate "2016.02.20"]
[EventType "swiss (rapid)"]
[EventRounds "11"]
[EventCountry "UKR"]

1. e4 e6 2. d4 d5 3. Nc3 Nf6 4. e5 Nfd7 5. f4 c5 6. Nf3 Nc6 7. Be3 Qb6 8. Qd2
Qxb2 9. Rb1 Qa3 10. Be2 a6 11. O-O c4 12. f5 Bb4 13. Rxb4 Qxb4 14. fxe6 fxe6
15. Ng5 Nf8 16. Nf7 Rg8 17. Nd6+ Kd8 18. Rf7 Bd7 19. Bg5+ Kc7 20. Rf1 Qb6 21.
Rb1 Qxd4+ 22. Qxd4 Nxd4 23. Rxb7+ Kc6 24. Na4 Nxe2+ 25. Kf2 Bc8 26. Rb6+ Kc7
27. Kxe2 Nd7 28. Rb4 Rb8 29. Rxb8 Kxb8 0-1

[Event "3rd Memory of Nebesna Sotnya-2016 R"]
[Site "Lutsk"]
[Date "2016.02.20"]
[Round "1.5"]
[White "Bernadskiy, Vitaliy"]
[Black "Melnychuk, Yuriy"]
[Result "1-0"]
[WhiteElo "2552"]
[BlackElo "1736"]
[PlyCount "51"]
[EventDate "2016.02.20"]
[EventType "swiss (rapid)"]
[EventRounds "11"]
[EventCountry "UKR"]

1. d4 Nf6 2. c4 e5 3. dxe5 Ne4 4. Nf3 b6 5. a3 Bb7 6. e3 d6 7. Be2 Nc6 8. exd6
Bxd6 9. Nbd2 Qe7 10. Qc2 Nxd2 11. Bxd2 Ne5 12. Bc3 O-O 13. Nd4 g6 14. O-O-O Nc6
15. Nxc6 Bxc6 16. Bf3 Qd7 17. h4 Rae8 18. h5 Bxf3 19. gxf3 Qe6 20. hxg6 fxg6
21. Rxh7 Kxh7 22. Rh1+ Kg8 23. Rh8+ Kf7 24. Rh7+ Kg8 25. Rg7+ Kh8 26. Rxg6+ 1-0

[Event "3rd Memory of Nebesna Sotnya-2016 R"]
[Site "Lutsk"]
[Date "2016.02.20"]
[Round "1.6"]
[White "Zinyak, Artem"]
[Black "Gritsak, Orest"]
[Result "0-1"]
[WhiteElo "1716"]
[BlackElo "2545"]
[PlyCount "38"]
[EventDate "2016.02.20"]
[EventType "swiss (rapid)"]
[EventRounds "11"]
[EventCountry "UKR"]

1. d4 Nf6 2. c4 c5 3. d5 b5 4. cxb5 a6 5. e3 g6 6. Nc3 Bg7 7. Nf3 O-O 8. bxa6
d6 9. Bd3 Bxa6 10. Bxa6 Nxa6 11. O-O Qa5 12. Bd2 Rfb8 13. Qc2 Nb4 14. Qd1 c4
15. e4 Nd3 16. b3 cxb3 17. axb3 Qxa1 18. Qxa1 Rxa1 19. Rxa1 Nxe4 0-1

[Event "3rd Memory of Nebesna Sotnya-2016 R"]
[Site "Lutsk"]
[Date "2016.02.20"]
[Round "1.7"]
[White "Oleksiyenko, Mykhaylo"]
[Black "Medvedyk, Volodymyr"]
[Result "1-0"]
[WhiteElo "2536"]
[BlackElo "1708"]
[PlyCount "69"]
[EventDate "2016.02.20"]
[EventType "swiss (rapid)"]
[EventRounds "11"]
[EventCountry "UKR"]

1. e4 c5 2. Nf3 d6 3. d4 cxd4 4. Nxd4 Nf6 5. f3 a6 6. c4 g6 7. Nc3 Bg7 8. Be3
O-O 9. Be2 Nc6 10. O-O Nxd4 11. Bxd4 Be6 12. Qd2 Rc8 13. b3 Nd7 14. Bxg7 Kxg7
15. Qd4+ Kg8 16. f4 Qa5 17. f5 gxf5 18. exf5 Bxf5 19. Nd5 Qd8 20. Rxf5 e6 21.
Nf6+ Nxf6 22. Rxf6 Rc5 23. Raf1 Rg5 24. Bh5 Rg7 25. Qf2 Qe7 26. h3 b5 27. cxb5
axb5 28. a4 bxa4 29. bxa4 d5 30. Bxf7+ Rfxf7 31. Rxf7 Rxf7 32. Qxf7+ Qxf7 33.
Rxf7 Kxf7 34. a5 d4 35. Kf2 1-0

[Event "3rd Memory of Nebesna Sotnya-2016 R"]
[Site "Lutsk"]
[Date "2016.02.20"]
[Round "1.8"]
[White "Gryga, Yaryna"]
[Black "Bortnyk, Mykola"]
[Result "0-1"]
[WhiteElo "1706"]
[BlackElo "2535"]
[PlyCount "78"]
[EventDate "2016.02.20"]
[EventType "swiss (rapid)"]
[EventRounds "11"]
[EventCountry "UKR"]

1. e4 Nf6 2. e5 Nd5 3. d4 d6 4. Bc4 Nb6 5. Bd3 dxe5 6. dxe5 Nc6 7. Nf3 Bg4 8.
Nbd2 Nxe5 9. Ne4 Nxd3+ 10. cxd3 Qd5 11. O-O Rd8 12. Bf4 e5 13. Be3 f6 14. Rc1
c6 15. b3 Qxd3 16. Qxd3 Rxd3 17. Rfd1 Rxd1+ 18. Rxd1 f5 19. Nc3 e4 20. h3 Bh5
21. Rd2 exf3 22. gxf3 Bxf3 23. Bg5 Be7 24. Bxe7 Kxe7 25. Rd3 Bd5 26. Re3+ Kf6
27. Kf1 Rd8 28. Ke1 g5 29. Ke2 h5 30. f3 h4 31. Kf2 Be6 32. Re2 Rd3 33. Re3
Rxe3 34. Kxe3 Nd5+ 35. Nxd5+ Bxd5 36. Ke2 Ke5 37. Ke3 a5 38. Ke2 Kf4 39. Kf2
Bxf3 0-1

[Event "3rd Memory of Nebesna Sotnya-2016 R"]
[Site "Lutsk"]
[Date "2016.02.20"]
[Round "2.1"]
[White "Basko, Bogdan"]
[Black "Onischuk, Vladimir"]
[Result "0-1"]
[WhiteElo "2113"]
[BlackElo "2739"]
[PlyCount "90"]
[EventDate "2016.02.20"]
[EventType "swiss (rapid)"]
[EventRounds "11"]
[EventCountry "UKR"]

1. d4 d6 2. Nf3 g6 3. Bf4 Bg7 4. e3 Nf6 5. h3 O-O 6. Be2 Nc6 7. O-O Re8 8. Bh2
Bd7 9. c4 e5 10. Nc3 exd4 11. exd4 Ne4 12. Nd5 Rc8 13. Re1 Ng5 14. Nxg5 Qxg5
15. Bf4 Qh4 16. Be3 Nxd4 17. Bf1 Nf5 18. g3 Nxe3 19. Rxe3 Qd8 20. Bg2 c6 21.
Rxe8+ Qxe8 22. Ne3 Qe5 23. Qd3 Be6 24. Rd1 Qxb2 25. Rb1 Qd4 26. Qxd4 Bxd4 27.
Rxb7 a5 28. a4 h5 29. Nc2 Bc5 30. Ne3 Kg7 31. h4 Kf6 32. Bf3 Ke5 33. Kg2 Bb4
34. Rb6 d5 35. cxd5 cxd5 36. Rb5 Rc5 37. Rb7 d4 38. Nf1 Rc2 39. Rb5+ Kf6 40.
Be4 Ra2 41. Nh2 Be1 42. Kf1 Bxf2 43. Bb1 Bc4+ 44. Kg2 Bxb5 45. Bxa2 Ke5 0-1

[Event "3rd Memory of Nebesna Sotnya-2016 R"]
[Site "Lutsk"]
[Date "2016.02.20"]
[Round "2.2"]
[White "Bogdanovich, Stanislav"]
[Black "Belous, Mikhail"]
[Result "1-0"]
[WhiteElo "2665"]
[BlackElo "2116"]
[PlyCount "101"]
[EventDate "2016.02.20"]
[EventType "swiss (rapid)"]
[EventRounds "11"]
[EventCountry "UKR"]

1. e4 c5 2. Nf3 d6 3. Bb5+ Bd7 4. Bxd7+ Qxd7 5. c4 Nc6 6. O-O g6 7. d4 cxd4 8.
Nxd4 Bg7 9. Be3 Nf6 10. f3 O-O 11. Nc3 e6 12. Rc1 Rfd8 13. Qd2 d5 14. cxd5 exd5
15. Nxc6 bxc6 16. e5 Ne8 17. Bd4 c5 18. Bxc5 Bxe5 19. Bd4 Bxd4+ 20. Qxd4 Nc7
21. Rfd1 Qe6 22. b3 Qb6 23. Kf2 Ne6 24. Qxb6 axb6 25. Rd2 d4 26. Nb5 Nc5 27.
Rcd1 d3 28. b4 Ne6 29. a3 Rd5 30. Nc3 Rd4 31. Ke3 Rc4 32. Nb5 Rc2 33. Kxd3
Rxd2+ 34. Rxd2 Rd8+ 35. Kc3 Rc8+ 36. Kb3 Rc1 37. Nc3 Rg1 38. a4 Ra1 39. Ra2 Rc1
40. a5 bxa5 41. bxa5 Nd4+ 42. Kc4 Nc6 43. a6 Na7 44. Ra3 Rc2 45. Kc5 Rb2 46.
Ra4 Rb8 47. Nd5 Kg7 48. Rb4 Rc8+ 49. Kb6 Nc6 50. Rc4 Ne7 51. Rxc8 1-0

[Event "3rd Memory of Nebesna Sotnya-2016 R"]
[Site "Lutsk"]
[Date "2016.02.20"]
[Round "2.3"]
[White "Tarleva, Vira"]
[Black "Kuzubov, Yuriy"]
[Result "0-1"]
[WhiteElo "2111"]
[BlackElo "2574"]
[PlyCount "86"]
[EventDate "2016.02.20"]
[EventType "swiss (rapid)"]
[EventRounds "11"]
[EventCountry "UKR"]

1. e4 c5 2. Nf3 d6 3. d4 cxd4 4. Nxd4 Nf6 5. Nc3 a6 6. Be3 e5 7. Nb3 Be6 8. Be2
Nbd7 9. a4 Nb6 10. O-O Rc8 11. Qd2 Be7 12. f4 Nc4 13. Bxc4 Bxc4 14. Rfd1 O-O
15. fxe5 dxe5 16. Qxd8 Bxd8 17. Bc5 Re8 18. Bf2 Bxb3 19. cxb3 Ba5 20. b4 Bxb4
21. Nd5 Nxd5 22. exd5 Bd6 23. Rac1 f5 24. g3 Kf7 25. Be3 Ke7 26. Kf2 Kd7 27.
Bb6 Rxc1 28. Rxc1 Rc8 29. Rc3 Bb4 30. Rxc8 Kxc8 31. Ke3 Kd7 32. Kd3 h5 33. Be3
Bd6 34. Bg5 Be7 35. Bd2 g5 36. b3 g4 37. Bc3 Bd6 38. Ke3 Bc5+ 39. Kd3 Kd6 40.
Kc4 Bg1 41. Bb4+ Kd7 42. Bc3 Bxh2 43. Bxe5 h4 0-1

[Event "3rd Memory of Nebesna Sotnya-2016 R"]
[Site "Lutsk"]
[Date "2016.02.20"]
[Round "2.4"]
[White "Razin, Vadim"]
[Black "Korduban, Valerij"]
[Result "1-0"]
[WhiteElo "2562"]
[BlackElo "2113"]
[PlyCount "81"]
[EventDate "2016.02.20"]
[EventType "swiss (rapid)"]
[EventRounds "11"]
[EventCountry "UKR"]

1. d4 Nf6 2. Nf3 g6 3. Bg5 Ne4 4. Bf4 Bg7 5. Nbd2 Nxd2 6. Qxd2 c5 7. Bh6 Bf6 8.
e4 Rg8 9. e5 Bg7 10. Bxg7 Rxg7 11. dxc5 Nc6 12. Bb5 Qc7 13. Qc3 Qa5 14. Qxa5
Nxa5 15. O-O-O b6 16. e6 fxe6 17. Ne5 a6 18. Bxd7+ Bxd7 19. Nxd7 b5 20. Ne5 Rc8
21. b4 Nc6 22. Nxc6 Rxc6 23. Rd3 Rf7 24. f3 Rf4 25. a3 a5 26. c3 g5 27. h3 Kf7
28. Re1 Kf6 29. Rd8 axb4 30. axb4 Ra6 31. Kb2 Rf5 32. Rf8+ Kg6 33. Rxf5 Kxf5
34. Kb3 Kf4 35. c4 bxc4+ 36. Kxc4 Ra2 37. Re4+ Kf5 38. g4+ Kf6 39. Re3 Kf7 40.
c6 Ke8 41. Rd3 1-0

[Event "3rd Memory of Nebesna Sotnya-2016 R"]
[Site "Lutsk"]
[Date "2016.02.20"]
[Round "2.5"]
[White "Chubar, Vladimir"]
[Black "Bernadskiy, Vitaliy"]
[Result "0-1"]
[WhiteElo "2083"]
[BlackElo "2552"]
[PlyCount "92"]
[EventDate "2016.02.20"]
[EventType "swiss (rapid)"]
[EventRounds "11"]
[EventCountry "UKR"]

1. d4 Nf6 2. Nf3 g6 3. Bg5 Bg7 4. Nbd2 O-O 5. c3 d6 6. e4 Nbd7 7. Bc4 h6 8. Bh4
c6 9. Qc2 d5 10. exd5 cxd5 11. Bd3 Nh5 12. Bg3 Qb6 13. O-O Nxg3 14. hxg3 e5 15.
dxe5 Nxe5 16. Nxe5 Bxe5 17. Kh1 Kg7 18. Rae1 Bf6 19. Nf3 Qd6 20. Re3 Bd7 21.
Rfe1 Rac8 22. Qb3 Rc7 23. Ne5 Bc8 24. Qa4 a6 25. R3e2 Re7 26. Qf4 Qb6 27. Ng4
Bg5 28. Qf3 Rxe2 29. Rxe2 Qd6 30. Ne3 d4 31. Nc4 Qd8 32. cxd4 Qxd4 33. Qe4 Rd8
34. Qxd4+ Rxd4 35. f4 Rxd3 36. fxg5 hxg5 37. Re7 Be6 38. b3 b5 39. Na5 Rd2 40.
a4 bxa4 41. bxa4 Bd5 42. Re5 Bxg2+ 43. Kg1 Bd5 44. Kf1 Kf6 45. Re3 Ra2 46. Ke1
Rxa4 0-1

[Event "3rd Memory of Nebesna Sotnya-2016 R"]
[Site "Lutsk"]
[Date "2016.02.20"]
[Round "2.6"]
[White "Gritsak, Orest"]
[Black "Galperin, Platon"]
[Result "1-0"]
[WhiteElo "2545"]
[BlackElo "2110"]
[PlyCount "62"]
[EventDate "2016.02.20"]
[EventType "swiss (rapid)"]
[EventRounds "11"]
[EventCountry "UKR"]

1. Nf3 Nf6 2. c4 g6 3. g3 Bg7 4. Bg2 O-O 5. O-O d6 6. Nc3 Nc6 7. d3 e5 8. Rb1
a5 9. b3 h6 10. Nd2 Be6 11. Nde4 Ne8 12. Nd5 f5 13. Nec3 Qd7 14. e3 g5 15. f4
Qf7 16. Kh1 Nf6 17. a3 exf4 18. exf4 g4 19. Be3 Kh7 20. Qd2 Rfe8 21. Rfe1 h5
22. Bf2 h4 23. gxh4 Nh5 24. Nb5 Rac8 25. d4 Bxd5 26. Bxd5 Rxe1+ 27. Rxe1 Qg6
28. Be6 Re8 29. d5 g3 30. hxg3 Ne7 31. Bd7 Nxg3+ 1-0

[Event "3rd Memory of Nebesna Sotnya-2016 R"]
[Site "Lutsk"]
[Date "2016.02.20"]
[Round "2.7"]
[White "Dovzhenko, Viktor"]
[Black "Oleksiyenko, Mykhaylo"]
[Result "0-1"]
[WhiteElo "2074"]
[BlackElo "2536"]
[PlyCount "66"]
[EventDate "2016.02.20"]
[EventType "swiss (rapid)"]
[EventRounds "11"]
[EventCountry "UKR"]

1. e4 c5 2. Nf3 e6 3. d4 cxd4 4. Nxd4 a6 5. g3 d5 6. Bg2 dxe4 7. Bxe4 Nf6 8.
Bf3 e5 9. Nb3 Qxd1+ 10. Bxd1 Bh3 11. Nc3 Nc6 12. Be3 Bb4 13. Bf3 O-O-O 14. Bb6
Rd7 15. Bxc6 bxc6 16. Ba5 Bxc3+ 17. Bxc3 Ne4 18. Ba5 Bg2 19. Rg1 Bf3 20. g4 Re8
21. h4 Re6 22. Nd2 Nxd2 23. Bxd2 Red6 24. Rg3 e4 25. Rxf3 exf3 26. Be3 Re6 27.
Kf1 Re4 28. Kg1 Rxg4+ 29. Kh2 Rd5 30. Kh3 Rg2 31. a4 Rh5 32. Bf4 g5 33. Bg3
Rxh4+ 0-1

[Event "3rd Memory of Nebesna Sotnya-2016 R"]
[Site "Lutsk"]
[Date "2016.02.20"]
[Round "2.8"]
[White "Bortnyk, Mykola"]
[Black "Andrienko, Petr"]
[Result "1-0"]
[WhiteElo "2535"]
[BlackElo "2096"]
[PlyCount "63"]
[EventDate "2016.02.20"]
[EventType "swiss (rapid)"]
[EventRounds "11"]
[EventCountry "UKR"]

1. e4 c5 2. c3 d6 3. d4 Nf6 4. Bd3 Nc6 5. Nf3 Bg4 6. Be3 d5 7. e5 Ne4 8. h3 Bh5
9. Qa4 e6 10. Bxe4 dxe4 11. Nfd2 Qb6 12. Nc4 Qc7 13. dxc5 O-O-O 14. Nd6+ Kb8
15. Na3 a6 16. Qxe4 Bg6 17. Qf4 Ne7 18. O-O Nd5 19. Qd4 f6 20. f4 Nxe3 21. Qxe3
Be7 22. b4 Rhf8 23. Nac4 Be8 24. Nxe8 Rfxe8 25. Nd6 Rf8 26. Qe4 g5 27. exf6
Bxf6 28. fxg5 Bxc3 29. Rxf8 Rxf8 30. Rf1 Rxf1+ 31. Kxf1 e5 32. Qf3 1-0

[Event "3rd Memory of Nebesna Sotnya-2016 R"]
[Site "Lutsk"]
[Date "2016.02.20"]
[Round "3.1"]
[White "Onischuk, Vladimir"]
[Black "Alexikov, Alexander"]
[Result "1-0"]
[WhiteElo "2739"]
[BlackElo "2294"]
[PlyCount "69"]
[EventDate "2016.02.20"]
[EventType "swiss (rapid)"]
[EventRounds "11"]
[EventCountry "UKR"]

1. e4 c5 2. Nf3 d6 3. d4 Nf6 4. Nc3 cxd4 5. Nxd4 a6 6. Be2 e5 7. Nb3 Be7 8. Bg5
Be6 9. Bxf6 Bxf6 10. Qd3 Nc6 11. O-O-O Be7 12. Nd5 O-O 13. Kb1 Bg5 14. g3 a5
15. h4 Bh6 16. a4 Kh8 17. g4 f6 18. Qb5 Rf7 19. Qb6 Qc8 20. f3 Rd7 21. Bb5 Rd8
22. Qc7 Bxd5 23. Qxc8 Rdxc8 24. Rxd5 Nb4 25. Rxd6 Nxc2 26. Rhd1 Bf4 27. h5 Kg8
28. Bd7 Rc7 29. Bf5 Ne3 30. Rd8+ Rxd8 31. Rxd8+ Kf7 32. Bxh7 b5 33. axb5 Rb7
34. Nxa5 Rxb5 35. Bg8+ 1-0

[Event "3rd Memory of Nebesna Sotnya-2016 R"]
[Site "Lutsk"]
[Date "2016.02.20"]
[Round "3.2"]
[White "Nedilko, Vasily"]
[Black "Bogdanovich, Stanislav"]
[Result "0-1"]
[WhiteElo "2292"]
[BlackElo "2665"]
[PlyCount "80"]
[EventDate "2016.02.20"]
[EventType "swiss (rapid)"]
[EventRounds "11"]
[EventCountry "UKR"]

1. d4 d5 2. c4 e6 3. Nc3 Nf6 4. cxd5 Nxd5 5. Nf3 c5 6. g3 cxd4 7. Nxd5 Qa5+ 8.
Qd2 Qxd5 9. Qxd4 Qb5 10. e4 Qd7 11. Bd2 Nc6 12. Qc3 Qd6 13. Bb5 Bd7 14. O-O Rd8
15. Rfd1 Qc5 16. Qb3 Be7 17. Be3 Qh5 18. Nd4 Ne5 19. Be2 Ng4 20. Bxg4 Qxg4 21.
Qxb7 O-O 22. f3 Qh5 23. Kg2 Bf6 24. Qxa7 e5 25. Ne2 Bh3+ 26. Kf2 Ra8 27. Qc5
Rfc8 28. Qd5 Be6 29. Qd3 Qxh2+ 30. Ke1 Qg2 31. Bf2 Rd8 32. Qb5 Qxf3 33. Rxd8+
Rxd8 34. Rd1 Rc8 35. Qd3 Qh1+ 36. Bg1 h6 37. a4 Bg4 38. Qe3 Rc2 39. Rd2 Rxd2
40. Qxd2 Bxe2 0-1

[Event "3rd Memory of Nebesna Sotnya-2016 R"]
[Site "Lutsk"]
[Date "2016.02.20"]
[Round "3.3"]
[White "Kuzubov, Yuriy"]
[Black "Bargan, Sergiu"]
[Result "1-0"]
[WhiteElo "2574"]
[BlackElo "2284"]
[PlyCount "155"]
[EventDate "2016.02.20"]
[EventType "swiss (rapid)"]
[EventRounds "11"]
[EventCountry "UKR"]

1. e4 c5 2. Nf3 d6 3. c3 Nf6 4. h3 Nc6 5. Bd3 g6 6. Bc2 Bg7 7. O-O O-O 8. d4 a6
9. Re1 cxd4 10. cxd4 b5 11. Nc3 Bb7 12. Bd3 Rc8 13. Bd2 e5 14. d5 Nd4 15. a4 b4
16. Na2 a5 17. Nc1 Nd7 18. Nxd4 exd4 19. Nb3 Ne5 20. Bf4 Qb6 21. Bxe5 Bxe5 22.
Rc1 Rxc1 23. Qxc1 Rc8 24. Qd2 f5 25. exf5 Bxd5 26. Nc1 Bf7 27. fxg6 hxg6 28.
Qh6 Bg7 29. Qg5 Qc5 30. Qg4 Re8 31. Rxe8+ Bxe8 32. Ne2 Qe5 33. Kf1 Bxa4 34.
Qxg6 Be8 35. Qg4 a4 36. Qc8 Kf8 37. Qa8 Qc5 38. Qf3+ Kg8 39. Qe4 Bc6 40. Qe6+
Kf8 41. Bc4 d5 42. Bd3 Be8 43. Qf5+ Bf7 44. Qd7 a3 45. bxa3 bxa3 46. Qa4 Bf6
47. g3 Be8 48. Qa8 Be7 49. Nf4 Qc6 50. Qa5 Bf7 51. Kg2 Kg7 52. Qa7 Qc5 53. Qa6
Qd6 54. Qa4 Qb4 55. Qa7 Qc5 56. Qa8 Qd6 57. Ne2 Qc5 58. Nf4 Bd6 59. Ne2 Qb6 60.
Qa4 Qb4 61. Qa6 Qd2 62. Qxd6 Qxd3 63. Qe5+ Kf8 64. Nxd4 Qe4+ 65. Qxe4 dxe4 66.
Nc2 a2 67. Kf1 Ke7 68. Ke2 Kd6 69. Kd2 Kc5 70. Kc3 Be6 71. h4 Kd6 72. Kb2 Ke5
73. h5 Kf6 74. Nd4 Bd7 75. Kxa2 Kg5 76. Kb2 Kxh5 77. Kc3 Kg5 78. Kd2 1-0

[Event "3rd Memory of Nebesna Sotnya-2016 R"]
[Site "Lutsk"]
[Date "2016.02.20"]
[Round "3.4"]
[White "Polishchuk, Oleg"]
[Black "Razin, Vadim"]
[Result "0-1"]
[WhiteElo "2278"]
[BlackElo "2562"]
[PlyCount "140"]
[EventDate "2016.02.20"]
[EventType "swiss (rapid)"]
[EventRounds "11"]
[EventCountry "UKR"]

1. c4 e6 2. d4 d5 3. Nc3 dxc4 4. e3 c5 5. Nf3 Nf6 6. Bxc4 a6 7. a4 Nc6 8. O-O
Be7 9. dxc5 Qc7 10. h3 O-O 11. b3 Bxc5 12. Bb2 Rd8 13. Qe2 Na5 14. Rac1 Qb6 15.
Ba1 Bd7 16. Ne5 Be8 17. Rb1 Bd6 18. Ng4 Be7 19. Rfd1 Rxd1+ 20. Nxd1 Nxg4 21.
Qxg4 Bf8 22. Bd3 Qb4 23. Qh5 f5 24. Qe2 Qd6 25. Nb2 Rd8 26. Nc4 Qxd3 27. Qxd3
Rxd3 28. Nxa5 b5 29. axb5 axb5 30. Bd4 Rd2 31. b4 Rc2 32. Nb7 Bc6 33. Nc5 Bd5
34. Nd7 Ba2 35. Nxf8 Bxb1 36. Nxe6 g6 37. h4 Ba2 38. Nf4 Bc4 39. Bc5 Kf7 40.
Nh3 h6 41. Nf4 g5 42. hxg5 hxg5 43. Nh3 Kf6 44. Bd4+ Kg6 45. Kh2 Bd5 46. Kg3
Rc4 47. f4 g4 48. Nf2 Rxb4 49. Nd3 Rb1 50. Ne5+ Kh6 51. Nd7 b4 52. Nf6 Bc6 53.
e4 Bxe4 54. Ng8+ Kg6 55. Ne7+ Kf7 56. Nc8 b3 57. Nd6+ Ke6 58. Be5 Bd5 59. Nb5
Be4 60. Nc3 Rg1 61. Na4 Rxg2+ 62. Kh4 Kd5 63. Kg5 g3 64. Kh4 Rg1 65. Nc3+ Kc4
66. Ne2 Rg2 67. Nxg3 b2 68. Bxb2 Rxb2 69. Nh5 Rh2+ 70. Kg5 Rxh5+ 0-1

[Event "3rd Memory of Nebesna Sotnya-2016 R"]
[Site "Lutsk"]
[Date "2016.02.20"]
[Round "3.5"]
[White "Bernadskiy, Vitaliy"]
[Black "Vetoshko, Volodymyr"]
[Result "1-0"]
[WhiteElo "2552"]
[BlackElo "2274"]
[PlyCount "87"]
[EventDate "2016.02.20"]
[EventType "swiss (rapid)"]
[EventRounds "11"]
[EventCountry "UKR"]

1. e4 e5 2. Nf3 Nc6 3. Nc3 Bc5 4. Nxe5 Nxe5 5. d4 Bd6 6. dxe5 Bxe5 7. Qd3 Nf6
8. Bd2 O-O 9. O-O-O Ng4 10. Qe2 d6 11. h3 Nf6 12. g4 Re8 13. Bg2 d5 14. f4 Bd4
15. e5 c6 16. Qd3 Bxc3 17. Bxc3 Nd7 18. Rhe1 b6 19. f5 Bb7 20. f6 Nc5 21. Qd2
Ne6 22. h4 Qc7 23. Qf2 Rad8 24. fxg7 d4 25. Bd2 c5 26. Bxb7 Qxb7 27. Bg5 Nxg5
28. hxg5 Re6 29. Qf5 Qe7 30. Rh1 Rg6 31. Rh5 Kxg7 32. Rdh1 Rh8 33. Qf6+ Qxf6
34. gxf6+ Kf8 35. Rxh7 Rxh7 36. Rxh7 Rxg4 37. Rh8+ Rg8 38. Rxg8+ Kxg8 39. Kd2
Kf8 40. Kd3 Ke8 41. Ke4 Kd7 42. Kd5 a6 43. b3 a5 44. a4 1-0

[Event "3rd Memory of Nebesna Sotnya-2016 R"]
[Site "Lutsk"]
[Date "2016.02.20"]
[Round "3.7"]
[White "Oleksiyenko, Mykhaylo"]
[Black "Grebeniuk, Semen"]
[Result "1/2-1/2"]
[WhiteElo "2536"]
[BlackElo "2250"]
[PlyCount "92"]
[EventDate "2016.02.20"]
[EventType "swiss (rapid)"]
[EventRounds "11"]
[EventCountry "UKR"]

1. e4 d5 2. exd5 Qxd5 3. Nc3 Qa5 4. d4 Nf6 5. Nf3 Bg4 6. h3 Bh5 7. g4 Bg6 8.
Ne5 e6 9. Nxg6 hxg6 10. Bg2 c6 11. O-O Nbd7 12. Bf4 Be7 13. Ne2 O-O 14. c3 Rad8
15. Qb3 Qb6 16. Rad1 Rfe8 17. Rfe1 Qxb3 18. axb3 Nd5 19. Bc1 Bd6 20. f4 N7f6
21. Rf1 Rd7 22. b4 a6 23. Ng3 g5 24. fxg5 Bxg3 25. gxf6 Nxf6 26. Rd3 Bc7 27.
Rdf3 Nd5 28. h4 e5 29. dxe5 Rxe5 30. Rd3 Rde7 31. Bg5 f6 32. Bd2 Ne3 33. Bxe3
Rxe3 34. Rxe3 Rxe3 35. Rd1 Kf7 36. Rd7+ Re7 37. Rxe7+ Kxe7 38. Kf2 Bf4 39. Ke2
Kd6 40. Kd3 b6 41. Ke4 Bg3 42. h5 Be1 43. Bf1 a5 44. bxa5 bxa5 45. Kd4 Bd2 46.
Kc4 Ke5 1/2-1/2

[Event "3rd Memory of Nebesna Sotnya-2016 R"]
[Site "Lutsk"]
[Date "2016.02.20"]
[Round "3.8"]
[White "Babiy, Igor"]
[Black "Bortnyk, Mykola"]
[Result "1-0"]
[WhiteElo "2257"]
[BlackElo "2535"]
[PlyCount "155"]
[EventDate "2016.02.20"]
[EventType "swiss (rapid)"]
[EventRounds "11"]
[EventCountry "UKR"]

1. Nf3 Nf6 2. c4 e6 3. Nc3 d5 4. d4 Be7 5. Bf4 O-O 6. e3 c6 7. Qc2 Nbd7 8. cxd5
Nxd5 9. Nxd5 exd5 10. Bd3 Qa5+ 11. Nd2 Nf6 12. O-O h6 13. a3 Qd8 14. b4 a6 15.
Rab1 Bd6 16. Bxd6 Qxd6 17. a4 Bd7 18. Rfc1 Rfe8 19. h3 Rac8 20. Qb2 Nh7 21. b5
axb5 22. axb5 Ng5 23. bxc6 bxc6 24. Qb4 Qf6 25. Bf1 Re6 26. Qb7 Re7 27. Qa6
Rce8 28. Rb7 Qg6 29. Kh1 Qf5 30. Kg1 Re6 31. Bd3 Nxh3+ 32. gxh3 Rg6+ 33. Kf1
Qxh3+ 34. Ke1 Rg1+ 35. Bf1 h5 36. Qa7 Bg4 37. Rb8 Bc8 38. Rxc6 Kh7 39. Qxf7 Rd8
40. Rcxc8 Rxc8 41. Rxc8 Qxc8 42. Qxh5+ Kg8 43. Qxd5+ Kh8 44. Qh5+ Kg8 45. f4
Qc2 46. Qe8+ Kh7 47. Qh5+ Kg8 48. Qe8+ Kh7 49. Kf2 Rg6 50. Ke2 Qf5 51. Qe4 Qh5+
52. Qf3 Qb5+ 53. Kf2 Qb2 54. Qh3+ Kg8 55. Bc4+ Kf8 56. Qc8+ Ke7 57. Qc7+ Ke8
58. Qc8+ Ke7 59. Qc7+ Ke8 60. Qf7+ Kd8 61. Qf8+ Kc7 62. Qf7+ Kd8 63. Qxg6 Qxd2+
64. Kf3 Qd1+ 65. Be2 Qh1+ 66. Qg2 Qh5+ 67. Kf2 Qh4+ 68. Qg3 Qh1 69. Qxg7 Qh2+
70. Qg2 Qh1 71. Qg3 Qh6 72. f5 Ke7 73. Qc7+ Ke8 74. Bb5+ Kf8 75. Qd8+ Kg7 76.
Qe7+ Kh8 77. Qe8+ Kg7 78. Qg6+ 1-0

[Event "3rd Memory of Nebesna Sotnya-2016 R"]
[Site "Lutsk"]
[Date "2016.02.20"]
[Round "4.1"]
[White "Borisenko, Viacheslav"]
[Black "Onischuk, Vladimir"]
[Result "0-1"]
[WhiteElo "2409"]
[BlackElo "2739"]
[PlyCount "90"]
[EventDate "2016.02.20"]
[EventType "swiss (rapid)"]
[EventRounds "11"]
[EventCountry "UKR"]

1. e4 d6 2. d4 Nf6 3. Bd3 g6 4. Nf3 Bg7 5. h3 O-O 6. Be3 Nbd7 7. O-O e5 8. c3
b6 9. Nbd2 Bb7 10. Re1 h6 11. Qc2 Re8 12. Rad1 a6 13. a3 Qe7 14. d5 c6 15. dxc6
Bxc6 16. c4 Nc5 17. Bxc5 bxc5 18. b4 Reb8 19. Rb1 Qe8 20. Nf1 cxb4 21. axb4 a5
22. bxa5 Rxa5 23. Ne3 Nd7 24. Rxb8 Qxb8 25. Rb1 Qa7 26. Nd5 Nc5 27. Rb2 h5 28.
Kh2 Bh6 29. h4 Ra3 30. Be2 Kg7 31. Ng5 Bxd5 32. cxd5 Bxg5 33. hxg5 Qe7 34. Qd2
f6 35. Qb4 Ra1 36. Rb1 Rxb1 37. Qxb1 fxg5 38. f3 g4 39. g3 Qg5 40. f4 exf4 41.
Qa1+ Kh7 42. Qa7+ Kh6 43. Qb8 fxg3+ 44. Kg2 Qf6 45. Kxg3 Nxe4+ 0-1